Market development and organization

Uloženo v:
Podrobná bibliografie
Médium: Kniha
Jazyk:Undetermined
Vydáno: Eindhoven N.V. Philips' Gloeilampenfabrieken 1976
Témata:
Tagy: Přidat tag
Žádné tagy, Buďte první, kdo otaguje tento záznam!
Thư viện lưu trữ: Trung tâm Học liệu Trường Đại học Cần Thơ
LEADER 00435nam a2200157Ia 4500
001 CTU_86723
008 210402s9999 xx 000 0 und d
082 |a 537.5 
082 |b M345 
245 0 |a Market development and organization 
260 |a Eindhoven 
260 |b N.V. Philips' Gloeilampenfabrieken 
260 |c 1976 
650 |a Electronic industry 
904 |i Năm 
980 |a Trung tâm Học liệu Trường Đại học Cần Thơ